|
000
|
01020nam0 2200253 45
|
|
001
|
012015373565
|
|
005
|
20151207094617.0
|
|
010
|
|
@a978-7-122-24105-4@dCNY42.00
|
|
100
|
|
@a20151202d2015 em y0chiy50 ea
|
|
101
|
0
|
@achi
|
|
102
|
|
@aCN
|
|
105
|
|
@ay a 000yy
|
|
106
|
|
@ar
|
|
200
|
1
|
@a园林绿化工程概预算@AYuan Lin Lu^ Hua Gong Cheng Gai Yu Suan@f鲁敏主编
|
|
210
|
|
@a北京@c化学工业出版社@d2015
|
|
215
|
|
@a261页@d26cm
|
|
312
|
|
@a有书目
|
|
330
|
|
@a本教材共九章,主要内容包括:园林绿化工程概预算基础、园林绿化工程定额、工程量“清单计价”概述、园林工程工程量计算方法、园林绿化工程工程量清单计价编制与示例、园林绿化工程工程量清单计价应用实例、园林绿化工程施工图预算的编制、园林绿化工程预算审查与竣工结算及园林绿化工程预算经济管理。
|
|
606
|
0
|
@a园林@AYuan Lin@x绿化@x建筑概算定额@x高等学校@j教材
|
|
606
|
0
|
@a园林@AYuan Lin@x绿化@x建筑预算定额@x高等学校@j教材
|
|
690
|
|
@aTU986@v5
|
|
701
|
|
@a鲁敏@ALu Min@4主编
|
|
801
|
2
|
@aCN@bCDNYKJZYXY@c
|
|
905
|
|
@aCDNYKJZYXY@b482753-5@dTU986@e827@f3
|
|
|
|
|
| |
| 园林绿化工程概预算/鲁敏主编.-北京:化学工业出版社,2015 |
| 261页;26cm |
| |
| |
| ISBN 978-7-122-24105-4:CNY42.00 |
| 本教材共九章,主要内容包括:园林绿化工程概预算基础、园林绿化工程定额、工程量“清单计价”概述、园林工程工程量计算方法、园林绿化工程工程量清单计价编制与示例、园林绿化工程工程量清单计价应用实例、园林绿化工程施工图预算的编制、园林绿化工程预算审查与竣工结算及园林绿化工程预算经济管理。 |
| ● |
正题名:园林绿化工程概预算
索取号:TU986/827
 
预约/预借
| 序号
|
登录号
|
条形码
|
馆藏地/架位号
|
状态
|
备注
|
|
1
|
482753
|
300482753
|
柳城-5楼/46架2列3层/
[索取号:TU986/827]
|
在馆
|
|
|
2
|
482754
|
300482754
|
柳城-5楼/46架2列3层/
[索取号:TU986/827]
|
在馆
|
|
|
3
|
482755
|
300482755
|
柳城-5楼/46架2列3层/
[索取号:TU986/827]
|
在馆
|
|